000 01423nam a2200361 a 4500
001 ebr10511563
003 CaPaEBR
006 m u
007 cr cn|||||||||
008 111213s2009 enka sb 001 0 eng d
020 _z9781904752769
020 _z9781906985295 (e-book)
040 _aCaPaEBR
_cCaPaEBR
035 _a(OCoLC)667007103
050 1 4 _aRG77
_b.G96 2009eb
245 0 0 _aGynaecological and obstetric pathology for the MRCOG and beyond
_h[electronic resource] /
_c[edited by] Michael Wells, Hilary Buckley, Harold Fox ; with a chapter on cervical cytology by John Smith.
250 _a2nd ed.
260 _aLondon :
_bRCOG Press,
_c2009.
300 _ax, 238 p. :
_bcol. ill.
490 1 _aMRCOG and beyond series
504 _aIncludes bibliographical references and index.
533 _aElectronic reproduction.
_bPalo Alto, Calif. :
_cebrary,
_d2013.
_nAvailable via World Wide Web.
_nAccess may be limited to ebrary affiliated libraries.
650 0 _aGynecologic pathology.
650 0 _aGenerative organs, Female.
655 7 _aElectronic books.
_2local
700 1 _aWells, Michael.
700 1 _aBuckley, Hilary.
700 1 _aFox, Harold.
700 1 _aSmith, John.
710 2 _aebrary, Inc.
830 0 _aMRCOG and beyond series.
856 4 0 _uhttp://site.ebrary.com/lib/rucke/Doc?id=10511563
_zAn electronic book accessible through the World Wide Web; click to view
999 _c222594
_d222594